| 000 | 01444cam a22004214a 4500 | ||
|---|---|---|---|
| 999 |
_c28909 _d28880 |
||
| 001 | 12985823 | ||
| 003 | EG-ScBUE | ||
| 005 | 20201014095236.0 | ||
| 006 | m||||fq||h 00| 0 | ||
| 008 | 021030t2003 inua f b 001 0 eng d | ||
| 020 | _a0672324881 | ||
| 020 | _a9780672324888 | ||
| 035 | _a(DLC) 2002115240 | ||
| 040 |
_aDLC _beng _erda _cDLC _dDLC _dWaU _dEG-ScBUE |
||
| 041 | 0 |
_aeng _beng |
|
| 082 | 0 | 4 |
_a005.8 _bPEI _222 |
| 100 | 1 |
_aPeikari, Cyrus, _eauthor. |
|
| 245 | 1 | 0 |
_aMaximum wireless security / _cCyrus Peikari, Seth Fogie. |
| 264 | 1 |
_aIndianapolis, Indiana : _bSAMS, _c[2003] |
|
| 264 | 4 | _cc2003 | |
| 300 |
_axiii, 390 pages : _billustrations ; _c24 cm + _e1 CD |
||
| 336 |
_2rdacontent _atext _btxt |
||
| 336 |
_2rdacontent _asounds _bsnd |
||
| 337 |
_2rdamedia _aunmediated _bn |
||
| 337 |
_2rdamedia _aaudio _bs |
||
| 338 |
_2rdacarrier _avolume _bnc |
||
| 338 |
_2rdacarrier _acomputer disc _bcd |
||
| 500 | _aIncludes appendices. | ||
| 504 | _aIncludes bibliographical references and index. | ||
| 546 | _aIn English; summary in English. | ||
| 650 | 7 |
_aWireless LANs _xSecurity measures. _2BUEsh |
|
| 653 |
_bMASIICCSS _cOctober2020 |
||
| 655 |
_vReading book _934232 |
||
| 700 | 1 |
_aFogie, Seth, _eauthor. |
|
| 906 |
_a7 _bcbc _corignew _d2 _eepcn _f20 _gy-gencatlg |
||
| 942 |
_2ddc _cBB |
||